[Event "Club Championship 2022 A"]
[Site "Wellington Chess Club"]
[Date "2022.10.13"]
[Round "3.3"]
[White "Archer, Ollie"]
[Black "Dive, Russell"]
[Result "1-0"]
[WhiteElo "2184"]
[BlackElo "2384"]

1. d4 Nf6 2. c4 e6 3. Nf3 b6 4. g3 Ba6 5. Qc2 d5 6. cxd5 exd5 7. Bg2 Bd6 8. O-O
O-O 9. Nc3 Re8 10. Bg5 c6 11. Rab1 Nbd7 12. b4 h6 13. Bxf6 Nxf6 14. b5 cxb5 15.
Nxb5 Rc8 16. Qa4 Bxb5 17. Rxb5 Qd7 18. Qa6 Rxe2 19. Rxb6 axb6 20. Qxe2 Qa4 21.
Qb2 b5 22. Rb1 b4 23. Ne1 Ne4 24. Bf1 Rc3 25. Bd3 Qa7 26. Bxe4 dxe4 27. Nc2 Rf3
28. Nxb4 Bxb4 29. Qxb4 Qxa2 30. Qe1 Qd5 31. Rb8+ Kh7 32. Rd8 Qb7 33. Rb8 Qe7
34. Qe2 f5 35. Rb5 h5 36. h4 Qd7 37. d5 Qd6 38. Qd1 f4 39. Qd4 Qg6 40. Rb6 Rd3
41. Rxg6 Rxd4 42. Rg5 f3 43. Rxh5+ Kg6 44. Rg5+ Kf6 45. g4 g6 46. Kh2 Rd1 47.
Kg3 Rh1 48. d6 Rd1 49. Kf4 Rxd6 50. Kxe4 Ra6 51. Kxf3 Ra3+ 52. Kg2 Rb3 53. f3
Rb1 54. Ra5 Rb4 55. Ra6+ Kf7 56. Kg3 Rc4 57. g5 Rc1 58. Ra7+ Kg8 59. Kf4 Rh1
60. Ke5 Rxh4 61. Kf6 Rf4+ 62. Kxg6 Kf8 63. Ra8+ Ke7 64. Kg7 Rxf3 65. g6 Rf1 66.
Ra2 Re1 67. Rf2 Ke8 68. Kg8 Ke7 69. g7 Ke8 70. Rg2 Rh1 71. Re2+ Kd7 72. Re4 Rg1
73. Kf7 Rf1+ 74. Kg6 Rg1+ 75. Kf6 Rg2 76. Re5 Rf2+ 77. Rf5 Rg2 78. Rg5 1-0

[Event "Club Championship 2022 A"]
[Site "Wellington Chess Club"]
[Date "2022.10.13"]
[Round "3.4"]
[White "Ker, Anthony"]
[Black "Van der Hoorn, Thomas"]
[Result "1/2-1/2"]
[WhiteElo "2428"]
[BlackElo "2056"]

1. e4 c6 2. d4 d5 3. exd5 cxd5 4. Bd3 Nc6 5. c3 Qc7 6. Ne2 Bg4 7. O-O e6 8. f3
Bh5 9. Bf4 Bd6 10. Bxd6 Qxd6 11. Qd2 Bg6 12. Nf4 Nf6 13. Qe3 Bxd3 14. Nxd3 O-O
15. Nd2 Ne7 16. g4 Nd7 17. Rae1 Rae8 18. f4 Nc6 19. Re2 f6 20. Nf3 Re7 21. Rfe1
Rfe8 22. Kg2 e5 23. fxe5 fxe5 24. Nfxe5 Ndxe5 25. Nxe5 Nxe5 26. dxe5 Rxe5 27.
Qxe5 Rxe5 28. Rxe5 d4 29. Re8+ Kf7 30. cxd4 Qxd4 31. R8e4 Qxb2+ 32. R1e2 Qb5
33. Re7+ Kf8 34. R7e5 Qc6+ 35. Kg3 h6 36. h4 Qc3+ 37. R5e3 Qc7+ 38. Kh3 Kg8 39.
Rf3 b5 40. h5 Qd7 41. Rfe3 Kf8 42. Rf2+ Kg8 43. Ref3 Qe7 44. Rc2 b4 45. Rc8+
Kh7 46. Rcf8 a5 47. Ra8 Qe4 48. Rff8 Qe3+ 1/2-1/2

[Event "Club Championship 2022 A"]
[Site "Wellington Chess Club"]
[Date "2022.10.13"]
[Round "3.5"]
[White "Forster, Bill"]
[Black "Cilia Vincenti, David"]
[Result "0-1"]
[WhiteElo "2035"]
[BlackElo "2125"]

1. d4 d5 2. c4 e6 3. Nf3 a6 4. Bg5 Be7 5. Bxe7 Qxe7 6. Nbd2 Nf6 7. g3 dxc4 8.
Nxc4 Qb4+ 9. Nfd2 Nc6 10. e3 b5 11. a3 Qe7 12. Bg2 Nd5 13. Ne5 Nxe5 14. dxe5
Bb7 15. O-O O-O 16. Ne4 c5 17. Rc1 Rac8 18. Qh5 Rc7 19. Rfd1 Nb6 20. Rc2 Bxe4
21. Bxe4 g6 22. Qe2 Nc4 23. f4 Rd8 24. Rxd8+ Qxd8 25. b3 Nxa3 26. Ra2 Rd7 27.
Rxa3 Rd1+ 28. Kf2 Rd2 29. Rxa6 Rxe2+ 30. Kxe2 Qc7 31. h4 h5 32. Ra1 c4 33. Rc1
c3 34. Rc2 Qa5 35. Kd3 b4 36. Kc4 Qb6 37. Kd3 Qa6+ 38. Kd4 Kf8 39. Bd3 Qb6+ 40.
Ke4 Qb7+ 41. Kd4 Qd5# 0-1

[Event "Club Championship 2022 B"]
[Site "Wellington Chess Club"]
[Date "2022.10.13"]
[Round "3.1"]
[White "Young, Cohen"]
[Black "Perrin, Brent"]
[Result "1-0"]
[WhiteElo "1931"]
[BlackElo "1963"]

1. d4 e6 2. Nc3 Bb4 3. e4 d5 4. e5 c5 5. a3 cxd4 6. axb4 dxc3 7. Qg4 Ne7 8.
Qxg7 Rg8 9. Qxh7 Nbc6 10. f4 Qc7 11. Ne2 cxb2 12. Bxb2 Bd7 13. Nd4 Nxb4 14. c3
Na6 15. Bxa6 bxa6 16. O-O Rb8 17. Rfb1 Bb5 18. Ba3 Qxc3 19. Nxe6 Rb6 20. Ng7+
Rxg7 21. Qxg7 Rg6 22. Qh8+ Kd7 23. e6+ 1-0

[Event "Club Championship 2022 B"]
[Site "Wellington Chess Club"]
[Date "2022.10.13"]
[Round "3.2"]
[White "Ackroyd, William"]
[Black "Aldridge, Alan"]
[Result "0-1"]
[WhiteElo "1866"]
[BlackElo "1806"]

1. e4 e5 2. Nf3 Nc6 3. Bb5 a6 4. Bxc6 dxc6 5. O-O Bd6 6. d4 f6 7. dxe5 fxe5 8.
Nxe5 Nf6 9. Nc4 Bxh2+ 10. Kxh2 Ng4+ 11. Kg3 Qf6 12. f3 O-O 13. Be3 Be6 14. fxg4
Qxf1 15. Qxf1 Rxf1 16. Ncd2 Rh1 17. b3 Rd8 18. g5 b5 19. Kf2 Rc1 20. Kg3 Rxc2
0-1

[Event "Club Championship 2022 B"]
[Site "Wellington Chess Club"]
[Date "2022.10.13"]
[Round "3.4"]
[White "Benitez, Edgar"]
[Black "Jackson, Ross"]
[Result "1-0"]
[WhiteElo "1952"]
[BlackElo "1904"]

1. d4 Nf6 2. Bf4 e6 3. Nf3 c5 4. e3 d5 5. c3 Nc6 6. Bd3 Bd6 7. Bg3 cxd4 8. exd4
Bxg3 9. hxg3 h6 10. Nbd2 Bd7 11. Nb3 Qc7 12. O-O b6 13. Re1 O-O 14. Rc1 Na5 15.
Nxa5 bxa5 16. Ne5 Rab8 17. Qd2 Qb6 18. Rb1 Bb5 19. Bc2 Qd6 20. g4 Nd7 21. g5 h5
22. g6 Nxe5 23. Rxe5 Be8 24. Qe2 fxg6 25. Rxe6 Qf4 26. Bxg6 Bxg6 27. Rxg6 Rbe8
28. Re6 Qf7 29. Re1 Rxe6 30. Qxe6 Rb8 31. b3 Qxe6 32. Rxe6 Rc8 33. Re5 Rxc3 34.
Rxd5 a4 35. bxa4 Rc4 36. Ra5 Rxd4 37. Rxa7 Rd1+ 38. Kh2 Rd2 39. f3 Rxa2 40. a5
Kh7 41. Kh3 Kh6 42. f4 Ra3+ 43. g3 g6 44. Ra6 Kg7 45. Kh4 Rf3 46. Rb6 Ra3 47.
a6 Ra5 48. Rb7+ Kh6 49. a7 Ra4 50. Kh3 Ra2 51. Rf7 Ra3 52. Kh4 Ra1 53. Kh3 Ra3
54. Kg2 Ra5 55. Kf3 Ra4 56. Ke3 Ra3+ 57. Kd4 g5 58. fxg5+ Kxg5 59. Kc5 Kg4 60.
Rg7+ Kh3 61. Kb6 Rb3+ 62. Ka6 Ra3+ 63. Kb7 Rb3+ 64. Kc8 Ra3 65. Kb8 Rb3+ 66.
Ka8 Rb5 67. Rg8 Kh2 68. Rb8 Rg5 69. Rb3 Rg7 70. Rc3 Rg5 71. Kb7 Rb5+ 72. Ka6
1-0

[Event "Club Championship 2022 B"]
[Site "Wellington Chess Club"]
[Date "2022.10.13"]
[Round "3.5"]
[White "Chen, Wei Kai"]
[Black "Winsley, Nicholas"]
[Result "0-1"]
[WhiteElo "1966"]
[BlackElo "1943"]

1. e4 c5 2. Nc3 Nc6 3. f4 e6 4. Nf3 d6 5. Be2 Nf6 6. O-O Nd4 7. d3 Qb6 8. e5
Nd7 9. exd6 Nf6 10. Nxd4 cxd4 11. Na4 Qa5 12. b3 Bxd6 13. Nb2 b5 14. Bf3 Rb8
15. Bd2 Qc7 16. a4 a6 17. axb5 axb5 18. Ba5 Qc5 19. Qd2 Nd5 20. Bxd5 Qxd5 21.
Bb4 O-O 22. Rf3 Bb7 23. Nd1 Rbc8 24. Rf2 Bxb4 25. Qxb4 Rfe8 26. Ra5 Bc6 27. Qd2
e5 28. fxe5 Rxe5 29. Ra1 Rce8 30. Nb2 R8e6 31. c4 dxc3 32. Qxc3 h5 33. Rc1 h4
34. h3 Re2 35. Rc2 Re1+ 36. Rf1 R6e2 37. Qxc6 Rxg2+ 38. Rxg2 Rxf1+ 39. Kxf1
Qxc6 40. Nd1 Qf3+ 41. Nf2 f6 42. Rg4 Qd5 43. b4 g5 44. Ke2 Qa2+ 45. Ke3 Kf7 46.
Re4 Qb2 47. Rg4 Qe5+ 48. Re4 Qg3+ 49. Ke2 f5 50. Re3 Qd6 51. Rf3 Kg6 52. Re3
Qxb4 0-1

[Event "Club Championship 2022 Swiss"]
[Site "Wellington Chess Club"]
[Date "2022.10.13"]
[Round "3.1"]
[White "Sole, Michael"]
[Black "Marney, John"]
[Result "1-0"]
[WhiteElo "2149"]
[BlackElo "1692"]

1. c4 e6 2. Nc3 d5 3. d4 Nf6 4. cxd5 exd5 5. Bg5 Be7 6. e3 c6 7. Bd3 h6 8. Bh4
O-O 9. Nge2 Re8 10. O-O Nbd7 11. Qd2 Ne4 12. Bxe7 Nxd2 13. Bxd8 Nxf1 14. Bh4
Nd2 15. b4 Nb6 16. Bg3 g6 17. Bf4 Bg4 18. Bxh6 Kh7 19. Bf4 Kg7 20. Ng3 Nbc4 21.
h3 Bd7 22. Rd1 b5 23. f3 Nxf3+ 24. gxf3 Nxe3 25. Re1 Nc4 26. Rxe8 Rxe8 27. Kg2
Rh8 28. Bxc4 Bxh3+ 29. Kf2 dxc4 30. Nge4 Be6 31. Be5+ Kg8 32. Bxh8 Kxh8 33. Kg3
Kg7 34. Kf4 f6 35. Nd6 g5+ 36. Kg3 Kg6 37. f4 g4 38. Nde4 f5 39. Nc5 Bd5 40. a4
bxa4 41. N3xa4 Bf3 42. Nc3 Bh1 43. Nd7 Bd5 44. Nc5 Bh1 45. N3a4 Bf3 46. Nb2 Bd5
47. Nd1 Kf6 48. Ne3 Bh1 49. Nxc4 Bf3 50. Ne5 Bh1 51. Kh2 Be4 52. Nxe4+ fxe4 53.
Kg3 e3 54. Nxg4+ Kf5 55. Nxe3+ Ke4 56. f5 1-0

[Event "Club Championship 2022 Swiss"]
[Site "Wellington Chess Club"]
[Date "2022.10.13"]
[Round "3.2"]
[White "Ashe, Michael"]
[Black "Lyall, Gordon"]
[Result "1-0"]
[WhiteElo "1680"]
[BlackElo "1940"]

1. d4 d5 2. c4 e6 3. Nc3 Nf6 4. cxd5 exd5 5. Bg5 Be7 6. e3 O-O 7. Bd3 h6 8. Bh4
Re8 9. Nge2 c6 10. Qc2 Nbd7 11. O-O Nh5 12. Bxe7 Qxe7 13. Rab1 a5 14. a3 b5 15.
b4 axb4 16. axb4 Nb6 17. Rfc1 Nc4 18. Bxc4 dxc4 19. d5 Bb7 20. dxc6 Bxc6 21.
Nd4 Bb7 22. Ndxb5 Rad8 23. Qe2 Qg5 24. g3 Rd3 25. Qa2 Qg4 26. Qe2 Qg6 27. Na3
Qc6 28. e4 Nf6 29. f3 Qb6+ 30. Qf2 Qe6 31. Nab5 Qc6 32. Qc5 {Time 1-0} 1-0

[Event "Club Championship 2022 Swiss"]
[Site "Wellington Chess Club"]
[Date "2022.10.13"]
[Round "3.3"]
[White "Lawrence, Hugo"]
[Black "Malcolm, Aidan"]
[Result "0-1"]
[WhiteElo "1629"]
[BlackElo "1780"]

1. e4 e6 2. d4 d5 3. Nd2 Nf6 4. e5 Nfd7 5. Ngf3 c5 6. c3 Nc6 7. Bd3 Qb6 8. O-O
cxd4 9. cxd4 Nxd4 10. Nxd4 Qxd4 11. Nf3 Qb6 12. Qa4 Qb4 13. Qc2 h6 14. a3 Qc5
15. Qa4 Qc7 16. Bd2 Be7 17. Qg4 g5 18. Rac1 Qb8 19. Qh5 a6 20. Bb1 b5 21. Bxg5
Nxe5 22. Bf4 Nxf3+ 23. Qxf3 Bd6 24. Qc3 Bxf4 25. Qxh8+ Ke7 26. Rcd1 Bxh2+ 27.
Kh1 Be5 28. Qh7 Bxb2 29. Bg6 Qf4 30. Rd3 Qf6 31. Bh5 e5 32. Rf3 Qh4+ 0-1

[Event "Club Championship 2022 Swiss"]
[Site "Wellington Chess Club"]
[Date "2022.10.13"]
[Round "3.4"]
[White "Enegbuma, Wallace"]
[Black "Carlyle, Mathieson"]
[Result "1-0"]
[WhiteElo "1841"]
[BlackElo "1532"]

1. e4 e6 2. Nf3 b6 3. d4 d5 4. exd5 exd5 5. Bd3 Bd6 6. O-O Nf6 7. Re1+ Be6 8.
Ng5 Qd7 9. Nxe6 fxe6 10. Qe2 O-O 11. Bg5 Kh8 12. Nd2 h6 13. Bxf6 Rxf6 14. Nf3
c5 15. Bb5 Qc7 16. c3 c4 17. Ne5 a6 18. Ba4 b5 19. Bc2 Nd7 20. Ng4 Raf8 21. h3
R6f7 22. Qxe6 Nf6 23. Ne5 Bxe5 24. dxe5 Re8 25. Qxa6 Rxe5 26. Qxb5 Rfe7 27.
Rxe5 Qxe5 28. Rf1 Nh5 29. Qc6 Nf4 30. Qc8+ Re8 31. Qf5 Kg8 32. a4 Ne2+ 33. Kh1
Qd6 34. a5 Rf8 35. Qh7+ Kf7 36. Bd1 Re8 37. Qf5+ Kg8 38. Bxe2 Rxe2 39. Ra1 Qc5
40. a6 Rxf2 41. Qe6+ Kh7 42. a7 Rf6 43. Qxf6 gxf6 44. a8=Q 1-0

[Event "Club Championship 2022 Swiss"]
[Site "Wellington Chess Club"]
[Date "2022.10.13"]
[Round "3.5"]
[White "Saglam, Yigit"]
[Black "Hampshire, Thomas"]
[Result "0-1"]
[WhiteElo "1500"]
[BlackElo "1500"]

1. d4 Nf6 2. Bf4 c5 3. d5 d6 4. c4 b5 5. cxb5 a6 6. e3 axb5 7. Bxb5+ Bd7 8.
Bxd7+ Nbxd7 9. Ne2 g6 10. O-O Bg7 11. Nbc3 O-O 12. Qd2 Nh5 13. e4 Nxf4 14. Nxf4
Ne5 15. Nd3 Nc4 16. Qe2 Qa5 17. Rac1 Rab8 18. Nd1 Qb5 19. b3 Ne5 20. N1b2 Nxd3
21. Qxd3 Bxb2 22. Qxb5 Rxb5 0-1

[Event "Club Championship 2022 Swiss"]
[Site "Wellington Chess Club"]
[Date "2022.10.13"]
[Round "3.6"]
[White "Lavender, Ariel"]
[Black "Henrys, Francis"]
[Result "0-1"]
[WhiteElo "1485"]
[BlackElo "1500"]

1. d4 c5 2. d5 e6 3. c4 Nf6 4. Nc3 d6 5. e4 Nbd7 6. f4 Be7 7. Nf3 Qc7 8. Nb5
Qb6 9. e5 dxe5 10. d6 Bd8 11. fxe5 Ng4 12. h3 Ngxe5 13. Nxe5 Nxe5 14. Qh5 Bf6
15. Nc7+ Kd7 16. Nxa8 Qb4+ 17. Bd2 Qxb2 18. Rd1 Qd4 19. Bg5 Qe4+ 20. Kd2 Qd4+
21. Kc2 Qf2+ 22. Kc1 Qxa2 23. Bxf6 gxf6 24. Qe2 Qa3+ 25. Qb2 Qe3+ 26. Rd2 b6
27. Nc7 Bb7 28. Rh2 (28. Be2 Bxg2 29. Rd1) 28... Rg8 29. Rh1 (29. g4 Nf3 30.
Qxf6 Nxd2 31. Qxf7+ Kxd6 32. Rxd2+ Ke5 33. Qxe6+ Kf4 34. Nd5+ Bxd5 35. Qd6+ Kf3
36. Bg2#) 29... Bxg2 30. Rh2 Bxf1 31. Qb5+ Nc6 32. Nd5 exd5 33. cxd5 Bxb5 0-1

[Event "Club Championship 2022 Swiss"]
[Site "Wellington Chess Club"]
[Date "2022.10.13"]
[Round "3.7"]
[White "Loke, Kayden"]
[Black "Keith, Matthew"]
[Result "0-1"]
[WhiteElo "1974"]
[BlackElo "1500"]

1. e4 c5 2. Nf3 d6 3. c3 Nf6 4. h3 Nc6 5. Bd3 g6 6. Bc2 Bg7 7. O-O O-O 8. d4 e5
9. Re1 a6 10. Bg5 h6 11. Bh4 Qc7 12. Na3 b5 13. Qe2 Nh5 14. Nd2 cxd4 15. c4 b4
16. Nab1 Nf4 17. Qf3 Ne6 18. Bf6 d3 19. Bxg7 dxc2 20. Bxf8 cxb1=Q 21. Raxb1
Nxf8 22. Kh1 Nd4 23. Qd1 Nfe6 24. b3 h5 25. Re3 Qe7 26. Nf3 Nxf3 27. Rxf3 Bb7
28. Re3 Rd8 29. Qd2 a5 30. a3 bxa3 31. Qxa5 Ra8 32. Qb4 Nc5 33. f3 Qg5 34. Re2
Bc8 35. Qb6 Qg3 36. Qd8+ Kg7 37. Qxd6 a2 38. Ra1 Nxb3 39. Rexa2 Rxa2 40. Rxa2
h4 41. Qd1 Nd4 42. c5 Be6 43. Rd2 Kh7 44. Qf1 Kg7 45. Qg1 Bxh3 46. Rxd4 exd4
47. Qxd4+ Kh7 48. gxh3 Qxf3+ 49. Kg1 Qg3+ 50. Kf1 Qxh3+ 51. Ke2 Qg2+ 52. Kd3 h3
53. Qf6 h2 54. Qxf7+ Kh6 55. Qf4+ g5 56. Qf6+ Kh5 57. Qf7+ Kh4 58. Qh7+ Kg3 59.
Qc7+ Kf2 60. Qf7+ Qf3+ 61. Qxf3+ Kxf3 62. Kd4 h1=Q 63. e5 Qh7 64. e6 Qe7 65.
Kd5 g4 66. c6 g3 67. Ke5 g2 68. c7 Qxc7+ 69. Kf6 g1=Q 70. e7 Qgb6+ 71. Kf7 Qbd6
72. Kg8 Qcxe7 73. Kh8 Qdd8# 0-1

[Event "Club Championship 2022 Swiss"]
[Site "Wellington Chess Club"]
[Date "2022.10.13"]
[Round "3.8"]
[White "Symon, Chris"]
[Black "Qu, Lucas"]
[Result "1-0"]
[WhiteElo "1863"]
[BlackElo "1271"]

1. Nf3 Nf6 2. d4 d5 3. c4 Bf5 4. Nc3 e6 5. Bg5 Nbd7 6. cxd5 h6 7. Bh4 g5 8.
dxe6 fxe6 9. Bg3 c5 10. e3 b6 11. Ne5 Bg7 12. Bb5 O-O 13. Nc6 Qe8 14. Bd6 Rf7
15. Ne5 Qc8 16. Nxf7 1-0

[Event "Club Championship 2022 Swiss"]
[Site "Wellington Chess Club"]
[Date "2022.10.13"]
[Round "3.9"]
[White "McConnell, Jack"]
[Black "Farrington, Lawrence"]
[Result "1-0"]
[WhiteElo "1410"]
[BlackElo "1600"]

1. d4 Nf6 2. Nc3 e6 3. e4 d5 4. Bg5 Be7 5. e5 Nfd7 6. h4 a6 7. Bxe7 Qxe7 8. Qg4
f5 9. Qd1 c5 10. f4 Nc6 11. dxc5 Nxc5 12. Nf3 h6 13. Bd3 Nxd3+ 14. Qxd3 b5 15.
h5 Bb7 16. Nh4 Qf7 17. Ng6 Rg8 18. Qe2 Ne7 19. O-O-O Nxg6 20. hxg6 Qxg6 21.
Nxb5 O-O-O 22. Nd6+ Kb8 23. Rd4 Rd7 24. Rh3 Qg4 25. Qf2 Qg6 26. Rb3 Rgd8 27.
Rdb4 Kc7 28. Rxb7+ 1-0

[Event "Club Championship 2022 Swiss"]
[Site "Wellington Chess Club"]
[Date "2022.10.13"]
[Round "3.10"]
[White "Hooper, John"]
[Black "Didar Ali, Azar"]
[Result "0-1"]
[WhiteElo "1247"]
[BlackElo "1500"]

1. d4 d5 2. c4 Nf6 3. Nf3 Bf5 4. g3 e6 5. Bg2 Be7 6. O-O h6 7. Nc3 O-O 8. Bf4
c6 9. a4 Nbd7 10. Qb3 b6 11. h3 Ne4 12. Ne5 Nxe5 13. dxe5 Bg5 14. Nxe4 Bxe4 15.
Bxg5 Qxg5 16. f4 Qg6 17. Qe3 Bxg2 18. Kxg2 dxc4 19. Qd4 Qc2 20. Rf2 Rfd8 21. e3
Qd3 22. Qxd3 cxd3 23. Rd2 Rd7 24. Ra3 Rad8 25. b4 c5 26. bxc5 bxc5 27. Rc3 Rd5
28. e4 Rd4 29. Kf3 c4 30. g4 Rc8 31. Ke3 Rd7 32. h4 f6 33. exf6 gxf6 34. g5
hxg5 35. fxg5 fxg5 36. hxg5 e5 37. Kf3 Rf7+ 38. Ke3 Rh7 39. Rf2 Rh3+ 40. Kd2
Rg3 41. Rf5 Rg2+ 42. Kd1 Rb8 43. Rf1 Rb1+ 44. Rc1 Rxc1+ 45. Kxc1 Ra2 46. Rf5 c3
47. Kb1 c2+ 48. Kc1 Ra1+ 49. Kd2 c1=Q+ 50. Kxd3 Ra3+ 0-1

[Event "Club Championship 2022 Swiss"]
[Site "Wellington Chess Club"]
[Date "2022.10.13"]
[Round "3.11"]
[White "Katkodia, Ali"]
[Black "Shepherd, Blake"]
[Result "1-0"]
[WhiteElo "1500"]
[BlackElo "1497"]

1. e4 e6 2. d4 d5 3. exd5 exd5 4. Nf3 Bd6 5. c4 dxc4 6. Bxc4 Nf6 7. O-O O-O 8.
Bg5 Bg4 9. Qb3 Bxf3 10. Qxf3 c6 11. Nc3 Nbd7 12. Ne4 Be7 13. Bd2 Nb6 14. Bd3
Qxd4 15. Bc3 Qd8 16. Rad1 Nbd5 17. Qf5 g6 18. Qe5 Nxc3 19. Nxc3 Bd6 20. Qe2 Re8
21. Qf3 Kg7 22. Rd2 Bb4 23. Rfd1 Qa5 24. Bc4 b5 25. Bb3 Nd5 26. Rxd5 cxd5 27.
Bxd5 Bxc3 28. bxc3 Qxc3 1-0

[Event "Club Championship 2022 Swiss"]
[Site "Wellington Chess Club"]
[Date "2022.10.13"]
[Round "3.12"]
[White "Hall, Nathan"]
[Black "Ulm, Eric"]
[Result "1-0"]
[WhiteElo "1950"]
[BlackElo "1500"]

1. e4 e6 2. d4 d5 3. Nc3 dxe4 4. Nxe4 Bd7 5. Nf3 Bc6 6. Bd3 Nd7 7. Bf4 Ngf6 8.
Qe2 Nxe4 9. Bxe4 Bxe4 10. Qxe4 c6 11. O-O-O Nf6 12. Qe5 Nd5 13. Bg3 Qb6 14. Ng5
h6 15. Nxe6 fxe6 16. Qxe6+ Be7 17. Rhe1 Rd8 18. c4 Rd7 19. cxd5 cxd5 20. Qxb6
axb6 21. Re6 O-O 22. Rxb6 Rc8+ 23. Kd2 Bg5+ 24. Kd3 Bf6 25. Re1 Kf7 26. Be5 Re8
27. f4 Rde7 28. Rc1 h5 29. Rc5 Rd7 30. a4 Bd8 31. Rbb5 Ke6 32. f5+ Kxf5 33.
Rxd5 Rxd5 34. Rxd5 Bf6 35. Bxf6+ Kxf6 36. Rxh5 Re1 37. Rb5 1-0

[Event "Club Championship 2022 Swiss"]
[Site "Wellington Chess Club"]
[Date "2022.10.13"]
[Round "3.13"]
[White "Ulm, Joy"]
[Black "Darr, Samuel"]
[Result "0-1"]
[WhiteElo "1500"]
[BlackElo "1546"]

1. d4 d5 2. c4 e6 3. Nc3 Nf6 4. Bg5 Bb4 5. e3 h6 6. Bh4 c6 7. Nf3 Nbd7 8. Bd3
O-O 9. O-O Qc7 10. Bg3 Bd6 11. Bxd6 Qxd6 12. cxd5 exd5 13. Re1 Re8 14. Qc2 b6
15. Rac1 c5 16. Nb5 Qc6 17. dxc5 bxc5 18. Nfd4 Qb6 19. Ne2 c4 20. Bf5 Nc5 21.
Bxc8 Raxc8 22. Red1 Nd3 23. Rb1 Ng4 24. Rf1 Nxe3 25. fxe3 Qxe3+ 26. Kh1 Qxe2
0-1

[Event "Club Championship 2022 Swiss"]
[Site "Wellington Chess Club"]
[Date "2022.10.13"]
[Round "3.14"]
[White "Wang, Timothy"]
[Black "Cooke, Xandi"]
[Result "1/2-1/2"]
[WhiteElo "1500"]
[BlackElo "1527"]

1. d4 d5 2. c4 e6 3. Nc3 Nf6 4. Nf3 h6 5. Bf4 Bd6 6. Bxd6 Qxd6 7. cxd5 exd5 8.
e3 O-O 9. Bd3 Bg4 10. O-O c6 11. h3 Bh5 12. Be2 Nbd7 13. Qc2 Rfe8 14. Nd2 Bxe2
15. Nxe2 Rac8 16. Nc3 c5 17. dxc5 Nxc5 18. Rfd1 Nce4 19. Ndxe4 Nxe4 20. Qb3
Nxc3 21. bxc3 Rc5 22. Qxb7 Re7 23. Qb3 Rec7 24. Rd3 Qe5 25. Rc1 Qe4 26. Rd4 Qe5
27. c4 dxc4 28. Rdxc4 Rxc4 29. Rxc4 Rxc4 30. Qxc4 Qa1+ 31. Kh2 Qe5+ 32. Qf4
Qxf4+ 33. exf4 h5 34. Kg3 Kh7 35. Kh4 g6 36. Kg5 Kg7 37. f5 f6+ 38. Kf4 g5+ 39.
Kf3 Kf7 40. Kg3 Ke7 41. f4 Kd6 42. fxg5 fxg5 43. h4 Ke5 44. hxg5 Kxf5 45. Kh4
Kg6 46. g4 hxg4 47. Kxg4 a5 48. Kf4 a4 49. Ke4 Kxg5 50. Kd4 Kf5 51. Kc4 Ke5 52.
Kb4 a3 53. Kxa3 Kd5 54. Kb4 Kc6 55. Ka5 Kb7 56. a4 Ka7 57. Kb5 Kb7 58. a5 Ka7
59. a6 Ka8 1/2-1/2

[Event "Club Championship 2022 Swiss"]
[Site "Wellington Chess Club"]
[Date "2022.10.13"]
[Round "3.15"]
[White "Fairbrother, Rebecca"]
[Black "Mangera, Mohammad"]
[Result "0-1"]
[WhiteElo "1500"]
[BlackElo "1510"]

1. e4 e5 2. Nc3 Nf6 3. Bc4 Nc6 4. d3 h6 5. Be3 Bb4 6. f4 d6 7. Nf3 exf4 8. Bxf4
Bg4 9. O-O Bc5+ 10. Kh1 Nd4 11. Nd5 c6 12. c3 Nxf3 13. Qc2 cxd5 14. Qa4+ Bd7
15. Qb3 dxc4 16. Qd1 Ng5 17. d4 Bb6 18. Bxd6 Ngxe4 19. Ba3 Qc7 20. Qe2 Bc6 21.
Qxc4 Nd2 22. Qe2+ Nde4 23. Rf3 O-O-O 24. Rd1 Ng5 25. Re3 Nd5 26. Qg4+ Bd7 27.
Qh4 Nxe3 28. Re1 Nxg2 29. Bf8 Nxh4 30. Be7 Qc6+ 31. Kg1 Qg2# 0-1

[Event "Club Championship 2022 Swiss"]
[Site "Wellington Chess Club"]
[Date "2022.10.13"]
[Round "3.16"]
[White "Wang, Justin"]
[Black "Scott, Callum"]
[Result "0-1"]
[WhiteElo "1500"]
[BlackElo "1652"]

1. d4 e6 2. e4 g6 3. e5 c5 4. c3 Nc6 5. Nf3 h6 6. Bb5 Nge7 7. Qd2 Nf5 8. O-O
Qb6 9. a4 a6 10. Bd3 cxd4 11. cxd4 Ncxd4 12. Bxf5 Nxf5 13. Nc3 Qc6 14. b4 Bxb4
15. Nd4 Qxc3 16. Qxc3 Bxc3 17. Ra2 Bxd4 18. Ra3 O-O 19. Be3 Bxe5 20. g4 Nxe3
21. fxe3 d6 22. h4 Bd7 23. h5 g5 24. Rb3 Bc6 25. a5 Bb5 26. Rc1 Rac8 27. Rd1
Ba4 28. Rdb1 Bxb3 29. Rxb3 Rc5 30. Rxb7 Rxa5 31. Kf2 Ra8 32. Kf3 Rb5 33. Rc7 a5
34. Rc4 a4 35. Rxa4 Rxa4 36. Ke2 Rb3 37. Kf3 Raa3 38. Kf2 Rxe3 39. Kg1 Re2 40.
Kf1 Rb2 41. Kg1 Ra1# 0-1

[Event "Club Championship 2022 Swiss"]
[Site "Wellington Chess Club"]
[Date "2022.10.13"]
[Round "3.17"]
[White "Hupert, Leo"]
[Black "Saglam, Azra"]
[Result "1-0"]
[WhiteElo "1385"]
[BlackElo "1500"]

1. e4 c6 2. d4 d5 3. e5 c5 4. Nf3 Bg4 5. Be2 Nc6 6. Nc3 cxd4 7. Nxd4 Bxe2 8.
Ncxe2 Nxe5 9. Bf4 Ng6 10. c3 Nxf4 11. Nxf4 Nf6 12. Qa4+ Nd7 13. Nxd5 e6 14. Ne3
a6 15. Rd1 b5 16. Qb3 Bc5 17. Nxe6 fxe6 18. Qxe6+ Be7 19. Rxd7 Qxd7 20. Qe4 O-O
21. O-O Rae8 22. Rd1 Qc8 23. Nd5 Bc5 24. Qh4 Bxf2+ 25. Qxf2 Rxf2 26. Kxf2 Qf5+
27. Kg1 Rf8 28. Ne7+ Kh8 29. Nxf5 1-0

[Event "Club Championship 2022 A"]
[Site "Wellington Chess Club"]
[Date "2022.10.20"]
[Round "4.1"]
[White "Pomeroy, Arthur"]
[Black "Archer, Ollie"]
[Result "1/2-1/2"]
[WhiteElo "2022"]
[BlackElo "2184"]

1. e4 c6 2. d4 d5 3. e5 Bf5 4. h4 h5 5. c4 e6 6. Nc3 Ne7 7. Bg5 Qb6 8. Qd2 Nd7
9. cxd5 Nxd5 10. Nge2 Nb4 11. Ng3 Nc2+ 12. Kd1 Nxa1 13. Nxf5 exf5 14. Bc4 Qb4
15. e6 Qxc4 16. exd7+ Kxd7 17. d5 Bd6 18. Kc1 f6 19. dxc6+ bxc6 20. Rd1 fxg5
21. Qxd6+ Kc8 22. Rd4 Qf1+ 23. Nd1 (23. Kd2 Qxf2+ 24. Ne2) 23... Qb5 24. Qd7+
Kb8 25. Qd6+ Kc8 26. Qd7+ 1/2-1/2

[Event "Club Championship 2022 A"]
[Site "Wellington Chess Club"]
[Date "2022.10.20"]
[Round "4.2"]
[White "Croad, Nic"]
[Black "Winter, Ryan"]
[Result "0-1"]
[WhiteElo "2439"]
[BlackElo "2195"]

1. d4 Nf6 2. c4 e6 3. Nc3 d5 4. cxd5 exd5 5. Bg5 c6 6. e3 Bd6 7. Bd3 O-O 8. Qc2
h6 9. Bh4 Re8 10. Nge2 a5 11. Bg3 Na6 12. a3 Nc7 13. O-O Ne6 14. Rab1 Ng5 15.
b4 Nge4 16. Bxe4 dxe4 17. Bxd6 Qxd6 18. Ng3 Qe7 19. Na4 axb4 20. axb4 Be6 21.
Nc5 Bd5 22. b5 Ra2 23. Qc3 b6 24. Na6 Ra5 25. Nb4 cxb5 26. Nxd5 Nxd5 27. Qc6
Qe6 28. Qc2 b4 29. Rfc1 Ra3 30. Ne2 Nc3 31. Rxb4 Na2 32. Qb2 Nxc1 33. Qxa3
Nxe2+ 34. Kf1 Qg4 35. h3 Qh5 36. Qa4 Rc8 37. Rc4 Rb8 $2 (37... Rxc4 38. Qxc4
Nf4 { The knight escapes scot-free due to the Qd1# threat. } ) 38. Qd7 Ra8 $2 (
38... Nf4) 39. Rc8+ Rxc8 40. Qxc8+ Kh7 41. Qc2 Nxd4 42. exd4 (42. Qxe4+ Nf5 43.
g4 Qxh3+ 44. Ke2 g6 $19) 42... Qb5+ 43. Kg1 Qd5 44. Qc7 Qxd4 45. Qxf7 Qd1+ 46.
Kh2 Qd6+ 47. Kg1 Qe5 48. Qb3 b5 49. Kf1 Qd4 50. Ke2 b4 51. Qe6 Qd3+ { The pawn
gets through. } 52. Ke1 e3 53. fxe3 b3 54. e4 Qe3+ 55. Kd1 Qd4+ 56. Ke2 Qb2+
57. Kd3 Qc2+ 58. Ke3 Qc5+ 59. Kd3 {White flags, but ...b2 and the pawn
promotes} 0-1

[Event "Club Championship 2022 B"]
[Site "Wellington Chess Club"]
[Date "2022.10.20"]
[Round "4.1"]
[White "Perrin, Brent"]
[Black "Winsley, Nicholas"]
[Result "0-1"]
[WhiteElo "1963"]
[BlackElo "1943"]

1. d4 Nf6 2. Nf3 d5 3. Bf4 Bf5 4. e3 e6 5. Bd3 Bxd3 6. Qxd3 c5 7. dxc5 Qa5+ 8.
c3 Qxc5 9. Nbd2 Nbd7 10. O-O Nh5 11. Bg3 Nxg3 12. hxg3 Be7 13. e4 dxe4 14. Nxe4
Qc6 15. Rfd1 Rd8 16. Qe2 O-O 17. Nd4 Qb6 18. a4 Nc5 19. b4 Nxe4 20. Qxe4 Bf6
21. a5 Qc7 22. Rac1 Bg5 23. Nb5 Qb8 24. f4 Bf6 25. c4 e5 26. c5 exf4 27. gxf4
Rfe8 28. Qf3 Be7 29. Rxd8 Rxd8 30. Qe4 Re8 31. Qc4 a6 32. Nc3 Qc8 33. Kf1 Bh4
34. Ne4 Qg4 35. Nd6 Re6 36. Kg1 Qg3 37. Rf1 Qe3+ 38. Kh1 Bf2 39. Nf5 Qe2 40.
Qxe2 Rxe2 41. Nd6 Bg3 42. Nxb7 Re4 43. Rb1 Rc4 44. Nd6 Rc2 45. Ne8 Bxf4 46. Rd1
Rb2 47. c6 Rc2 48. c7 Kf8 49. g4 Bxc7 50. Nxc7 Rxc7 51. Rd6 Ra7 52. Rb6 f6 53.
Kg2 Kf7 54. Kf3 Kg6 55. Kf4 h6 56. Rc6 Rb7 57. Rb6 Rc7 58. Re6 Rc4+ 59. Re4 Rc6
60. Re7 Rd6 61. Ke4 Rd1 62. Kf4 Rb1 63. Re4 h5 64. gxh5+ Kxh5 65. Rd4 g5+ 66.
Kg3 Rb3+ 67. Kg2 f5 68. Rd6 Rxb4 69. Rxa6 Ra4 70. Ra8 Kg4 71. a6 Ra2+ 72. Kg1
Kg3 73. Kf1 Kf3 74. Ke1 f4 75. a7 g4 76. Kd1 g3 77. Kc1 g2 0-1